Themes in the Christian history of central Africa (Record no. 13425)
[ view plain ]
| 000 -LEADER | |
|---|---|
| fixed length control field | 00516nam a2200205Ia 4500 |
| 003 - CONTROL NUMBER IDENTIFIER | |
| control field | 0100 |
| 005 - DATE AND TIME OF LATEST TRANSACTION | |
| control field | 20170301093610.0 |
| 008 - FIXED-LENGTH DATA ELEMENTS--GENERAL INFORMATION | |
| fixed length control field | 130303s9999 xx 000 0 und d |
| 020 ## - INTERNATIONAL STANDARD BOOK NUMBER | |
| International Standard Book Number | 520025369 |
| 040 ## - CATALOGING SOURCE | |
| Transcribing agency | ARRUPELIB |
| 050 ## - LIBRARY OF CONGRESS CALL NUMBER | |
| Classification number | BR1450.T46 1975 |
| 300 ## - PHYSICAL DESCRIPTION | |
| Other physical details | 285 p. 25 cm. |
| 245 ## - TITLE STATEMENT | |
| Title | Themes in the Christian history of central Africa |
| 260 ## - PUBLICATION, DISTRIBUTION, ETC. (IMPRINT) | |
| Place of publication, distribution, etc | Berkely |
| 260 ## - PUBLICATION, DISTRIBUTION, ETC. (IMPRINT) | |
| Name of publisher, distributor, etc | University of California Press |
| 300 ## - PHYSICAL DESCRIPTION | |
| Extent | viii |
| 650 ## - SUBJECT ADDED ENTRY--TOPICAL TERM | |
| Topical term or geographic name as entry element | Christianity |
| Geographic subdivision | Africa, Southern |
| 9 (RLIN) | 29193 |
| 650 ## - SUBJECT ADDED ENTRY--TOPICAL TERM | |
| Topical term or geographic name as entry element | Africa, Southern |
| General subdivision | Religion |
| 9 (RLIN) | 29194 |
| 700 ## - ADDED ENTRY--PERSONAL NAME | |
| Personal name | Ranger, T. O. and Weller, John ed |
| 9 (RLIN) | 29195 |
| 942 00 - ADDED ENTRY ELEMENTS (KOHA) | |
| Koha issues (borrowed), all copies | 1 |
| Source of classification or shelving scheme | Library of Congress Classification |
| Koha item type | Monograph ( Printed materials) |
| Withdrawn status | Lost status | Source of classification or shelving scheme | Damaged status | Not for loan | Collection code | Home library | Current library | Date acquired | Total Checkouts | Full call number | Barcode | Date last seen | Date checked out | Copy number | Price effective from | Koha item type | Shelving location |
|---|---|---|---|---|---|---|---|---|---|---|---|---|---|---|---|---|---|
| Library of Congress Classification | Main Collection | ARRUPE LIBRARY | ARRUPE LIBRARY | 04/03/2013 | 1 | BR1450.T46 1975 | 46003017924 | 15/11/2016 | 10/01/2014 | 1 | 04/03/2013 | Monograph ( Printed materials) | |||||
| Library of Congress Classification | Main Collection | ARRUPE LIBRARY | ARRUPE LIBRARY | 02/12/2016 | BR1450.T46 1975 | 46003017928 | 02/12/2016 | 02/12/2016 | Main Collection |